[Event "GER-chT U16"]
[Site "Lingen"]
[Date "2013.12.30"]
[Round "7.4"]
[White "Arnhold, Steffi"]
[Black "Uellner, Ferdinand"]
[Result "0-1"]
[WhiteElo "1422"]
[BlackElo "1246"]
[PlyCount "46"]
[EventDate "2013.12.27"]
[EventType "team-swiss"]
[EventRounds "7"]
[EventCountry "GER"]
[SourceTitle "EXT 2015"]
[Source "ChessBase"]
[SourceDate "2014.11.20"]
[SourceVersion "1"]
[SourceVersionDate "2014.11.20"]
[SourceQuality "1"]
[WhiteTeam "Bautzen Einheit"]
[BlackTeam "Darmstadt"]
[WhiteTeamCountry "GER"]
[BlackTeamCountry "GER"]

1. e4 e5 2. Nf3 Nc6 3. Bc4 Bc5 4. c3 Nf6 5. d3 0-0 6. Nbd2 d5 7. Bb3 dxe4 8. dxe4 Bg4 9. h3 Bh5 10. g4 Bg6 11. Qe2 Re8 12. Nh4 Qd7 13. Nxg6 hxg6 14. f3 Rad8 15. Bc2 Nh7 16. h4 Nf8 17. h5 Ne7 18. h6 Ne6 19. hxg7 Kxg7 20. Qh2 Rh8 21. Qxe5+ f6 22. Qh2 Rxh2 23. Rxh2 Rh8 0-1

[Event "Hessen-ch U16"]
[Site "Bad Homburg"]
[Date "2013.??.??"]
[Round "4"]
[White "Uellner, Ferdinand"]
[Black "Seifert, Lukas"]
[Result "1/2-1/2"]
[WhiteElo "1407"]
[BlackElo "1381"]
[PlyCount "45"]
[EventDate "2013.03.??"]
[EventType "swiss"]
[EventRounds "7"]
[EventCountry "GER"]
[SourceTitle "EXT 2014"]
[Source "ChessBase"]
[SourceDate "2013.11.20"]
[SourceVersion "1"]
[SourceVersionDate "2013.11.20"]
[SourceQuality "1"]

1. e4 e5 2. Nf3 Nc6 3. Bc4 Bc5 4. d3 h6 5. Be3 Bb6 6. Nc3 Nf6 7. 0-0 d6 8. Bxb6 axb6 9. Qd2 0-0 10. Rae1 Bg4 11. Nh4 Nd7 12. f3 Qxh4 13. fxg4 Qxg4 14. Re3 Qg5 15. Qf2 Nd8 16. Rg3 Qh5 17. Nd5 Ne6 18. Nf6+ Nxf6 19. Qxf6 Kh8 20. Qf3 Qxf3 21. Rgxf3 Ng5 22. Rf5 f6 23. h4 1/2-1/2